Spider Web/ (Record no. 188996)

MARC details
000 -LEADER
fixed length control field 00528nam a2200181 4500
005 - DATE AND TIME OF LATEST TRANSACTION
control field 20220609112041.0
010 ## - LCCN (DPL NO)
LC control number ENG-133176
020 ## - INTERNATIONAL STANDARD BOOK NUMBER
International Standard Book Number 978987230002
Terms of availability 199.00
035 ## - SYSTEM CONTROL NUMBER
System control number EN-116707
037 ## - SOURCE OF ACQUISITION
Source of stock number/acquisition DBAD/PUB
082 ## - DEWEY DECIMAL CLASSIFICATION NUMBER
Classification number 823.914
100 ## - MAIN ENTRY--PERSONAL NAME
Personal name jayant, Shivam
245 ## - TITLE STATEMENT
Title Spider Web/
Statement of responsibility, etc Shivam Jayant
260 ## - PUBLICATION, DISTRIBUTION, ETC. (IMPRINT)
Place of publication, distribution, etc New Delhi
Name of publisher, distributor, etc Pigeon Books India
Date of publication, distribution, etc 2019
270 ## - ADDRESS
Address 16, Ansari Road, Daryaganj
City New Delhi
Postal code 110002
Electronic mail address pigeonbooks@yahoo.com
300 ## - PHYSICAL DESCRIPTION
Extent 178p.
Dimensions 22cm(pbk)
942 ## - ADDED ENTRY ELEMENTS (KOHA)
Source of classification or shelving scheme Dewey Decimal Classification
Item type English Books
Classification part 823.914
Call number suffix JAY
Holdings
Withdrawn status Lost status Not for loan Collection code Home library Current library Date acquired Source of acquisition Cost, normal purchase price Full call number Barcode Copy number Cost, replacement price Koha item type
    Not For Loan Fiction D.B.Act.Division Mobile Library 09/06/2022 DBAD/PUB 199.00 823.914 JAY EN-116708 1 199.00 English Books

© Delhi Public Library
Hit Counter
free hit counter